[Event "Marshall Chess Club - IM Norm RR"]
[Site "ChessKast.com"]
[Date "2019.11.16"]
[Round "6"]
[White "FM JASON LIANG"]
[Black "GM SANDRO POZO VERA"]
[Result "0-1"]
[WhiteElo "2345"]
[BlackElo "2433"]
[PlyCount "112"]
[EventDate "2019.??.??"]

1. e4 e6 2. d4 d5 3. Nc3 Bb4 4. e5 Ne7 5. a3 Bxc3+ 6. bxc3 c5 7. Qg4 Kf8 8. a4
Qc7 9. Kd1 b6 10. h4 Ba6 11. Bxa6 Nxa6 12. Qe2 Nb8 13. Rh3 Nbc6 14. Nf3 h6 15.
h5 Rc8 16. Ba3 Na5 17. Nh4 cxd4 18. cxd4 Qc4 19. Rd3 Ke8 20. Bb2 Nec6 21. Nf3
Nb4 22. Rc3 Qxe2+ 23. Kxe2 Nc4 24. Nd2 Kd7 25. Nxc4 Rxc4 26. Rxc4 dxc4 27. Rh1
Nd5 28. Rh4 g5 29. Rh1 a6 30. Kf3 Rc8 31. Ba3 Kc6 32. Ra1 Ra8 33. Bc1 Rd8 34.
g3 a5 35. Be3 Ra8 36. Bd2 b5 37. axb5+ Kxb5 38. Ke4 c3 39. Bc1 Nb4 40. f4 gxf4
41. Bxf4 a4 42. Ra3 Kc4 43. Ra1 Nxc2 44. Rc1 Nxd4 45. Re1 a3 46. Bxh6 a2 47.
Rd1 Nf5 48. Bf4 a1=Q 49. Rxa1 Rxa1 50. g4 Re1+ 51. Kf3 Rf1+ 52. Ke4 Rxf4+ 53.
Kxf4 c2 54. gxf5 c1=Q+ 55. Kg4 exf5+ 56. Kxf5 Qh6 0-1

[Event "Marshall Chess Club - IM Norm RR"]
[Site "ChessKast.com"]
[Date "2019.11.16"]
[Round "6"]
[White "GM MICHAEL ROHDE"]
[Black "GM NIKOLA NESTOROVIC"]
[Result "1/2-1/2"]
[WhiteElo "2351"]
[BlackElo "2458"]
[PlyCount "65"]
[EventDate "2019.??.??"]

1. Nf3 d5 2. g3 g6 3. Bg2 Bg7 4. d4 Nd7 5. O-O Ngf6 6. b3 c5 7. Bb2 O-O 8. dxc5
Nxc5 9. Nbd2 b6 10. c4 Bb7 11. b4 Ne6 12. Rc1 Rc8 13. Nd4 Nxd4 14. Bxd4 Qd7 15.
c5 bxc5 16. Bxc5 Rfe8 17. Bxa7 Rxc1 18. Qxc1 Qa4 19. Bd4 e5 20. Qc7 exd4 21.
Qxb7 Qxa2 22. Nf3 Ne4 23. b5 Bf6 24. b6 Qa8 25. Qd7 Re7 26. Qb5 Nc3 27. Qc5 Re6
28. Qc7 Qc6 29. Bh3 Rd6 30. Qb8+ Rd8 31. Qc7 Rd6 32. Qb8+ Rd8 33. Qc7 1/2-1/2

[Event "Marshall Chess Club - IM Norm RR"]
[Site "ChessKast.com"]
[Date "2019.11.17"]
[Round "7"]
[White "FM GUS HUSTON"]
[Black "FM VINCENT TSAY"]
[Result "0-1"]
[WhiteElo "2185"]
[BlackElo "2289"]
[PlyCount "66"]
[EventDate "2019.??.??"]

1. e4 c5 2. Nf3 e6 3. b3 Nc6 4. Bb2 d5 5. exd5 exd5 6. Bb5 Nf6 7. Ne5 Qc7 8.
O-O Bd6 9. Nf3 O-O 10. d4 cxd4 11. h3 Bf5 12. Bxc6 bxc6 13. Nxd4 Bg6 14. Nd2
Qd7 15. Re1 Rfe8 16. Nf1 Rxe1 17. Qxe1 Re8 18. Qa5 Nh5 19. Qa4 Rc8 20. c4 Nf4
21. cxd5 Be4 22. f3 Bxd5 23. Ne3 Nxh3+ 24. Kf1 Nf4 25. Nxd5 Nxd5 26. Re1 Bg3
27. Re4 Nf6 28. Re2 Rd8 29. Qc4 h5 30. Bc3 Nd5 31. Be1 Bxe1 32. Nxc6 Bg3 33.
Kg1 Nf4 0-1

[Event "Marshall Chess Club - IM Norm RR"]
[Site "ChessKast.com"]
[Date "2019.11.17"]
[Round "7"]
[White "GM SANDRO POZO VERA"]
[Black "GM MICHAEL ROHDE"]
[Result "1/2-1/2"]
[WhiteElo "2433"]
[BlackElo "2351"]
[PlyCount "75"]
[EventDate "2019.??.??"]

1. d4 Nf6 2. c4 e6 3. g3 Bb4+ 4. Bd2 Qe7 5. Nf3 Nc6 6. Nc3 d5 7. cxd5 exd5 8.
Bg2 O-O 9. O-O Rd8 10. a3 Bxc3 11. Bxc3 Ne4 12. Rc1 Bg4 13. h3 Bh5 14. b4 Nd6
15. Re1 a5 16. Qb3 axb4 17. Bxb4 Nxb4 18. Qxb4 c6 19. Nd2 Re8 20. e4 dxe4 21.
Nxe4 Nxe4 22. Rxe4 Qxb4 23. Rxe8+ Rxe8 24. axb4 Rd8 25. d5 cxd5 26. Bxd5 b6 27.
g4 Bg6 28. Rc6 Kf8 29. Bf3 Rb8 30. Rc7 f6 31. h4 Bf7 32. g5 fxg5 33. hxg5 Re8
34. Rb7 Re5 35. Rb8+ Ke7 36. Rb7+ Kf8 37. Rb8+ Ke7 38. Rb7+ 1/2-1/2

[Event "Marshall Chess Club - IM Norm RR"]
[Site "ChessKast.com"]
[Date "2019.11.17"]
[Round "7"]
[White "IM SILAS ESBEN LUND"]
[Black "FM JASON LIANG"]
[Result "1-0"]
[WhiteElo "2348"]
[BlackElo "2345"]
[PlyCount "129"]
[EventDate "2019.??.??"]

1. d4 Nf6 2. c4 e6 3. Nf3 d5 4. Nc3 c6 5. e3 Nbd7 6. a3 Bd6 7. c5 Bb8 8. Be2 e5
9. b4 e4 10. Nd2 h5 11. h3 Nf8 12. b5 Ng6 13. bxc6 bxc6 14. Qa4 Ne7 15. Rb1 a5
16. Qc2 Be6 17. Na4 Ra7 18. Nb3 Bc7 19. Bd2 Nd7 20. Rb2 h4 21. Kd1 Rh6 22. Kc1
Rg6 23. Bf1 f5 24. Kb1 Qa8 25. Ka2 Nc8 26. Nc1 Rf6 27. Ne2 Bf7 28. g3 Rh6 29.
Rg1 Kf8 30. gxh4 Rxh4 31. Nf4 Rh6 32. Qb1 Bd8 33. Be1 g5 34. Ne2 Be6 35. Rg3
Kg7 36. f4 exf3 37. Rxf3 Ne7 38. Ng3 Bc7 39. Nxf5+ Bxf5 40. Rxf5 Nxf5 41. Qxf5
Nf8 42. Qxg5+ Ng6 43. Bd3 Qe8 44. Rg2 Bd8 45. Qg4 Rb7 46. Bd2 Qd7 47. e4 Qxg4
48. Bxh6+ Kxh6 49. Rxg4 dxe4 50. Bxe4 Ne7 51. Nc3 Rd7 52. Ne2 Bc7 53. Kb3 Rd8
54. Kc4 Rb8 55. Nf4 Bxf4 56. Rxf4 Kg7 57. d5 cxd5+ 58. Bxd5 Kg6 59. c6 Kg5 60.
Rf7 Nf5 61. Kc5 Rb1 62. Rxf5+ Kxf5 63. c7 Rc1+ 64. Bc4 Ke5 65. c8=Q 1-0

[Event "Marshall Chess Club - IM Norm RR"]
[Site "ChessKast.com"]
[Date "2019.11.17"]
[Round "7"]
[White "GM NIKOLA NESTOROVIC"]
[Black "FM RAWLE ALLICOCK"]
[Result "1-0"]
[WhiteElo "2458"]
[BlackElo "2245"]
[PlyCount "57"]
[EventDate "2019.??.??"]

1. e4 d6 2. d4 Nf6 3. Nc3 g6 4. Nf3 Bg7 5. Be3 c6 6. a4 a5 7. h3 O-O 8. Be2
Nbd7 9. O-O e5 10. dxe5 dxe5 11. Qd6 Re8 12. Bc4 Bf8 13. Qd2 Bb4 14. Ng5 Re7
15. f4 exf4 16. Rxf4 Qc7 17. Raf1 b5 18. Ba2 Qe5 19. Nxf7 Rxf7 20. Qf2 Bd6 21.
g3 b4 22. Bd4 bxc3 23. Bxe5 Bxe5 24. bxc3 Ba6 25. Rd1 Bxf4 26. Qxf4 Raf8 27.
Qd6 Kg7 28. Bxf7 Rxf7 29. e5 1-0

[Event "Marshall Chess Club - IM Norm RR"]
[Site "ChessKast.com"]
[Date "2019.11.17"]
[Round "7"]
[White "CM LIRAN ZHOU"]
[Black "ROBERT M PEREZ"]
[Result "1/2-1/2"]
[WhiteElo "2317"]
[BlackElo "2390"]
[PlyCount "67"]
[EventDate "2019.??.??"]

1. e4 c5 2. Nf3 d6 3. d4 cxd4 4. Nxd4 Nf6 5. Nc3 a6 6. Bc4 e6 7. O-O Be7 8. a4
O-O 9. Be3 Nc6 10. Qe2 Bd7 11. f4 Nxe4 12. Nxe4 d5 13. Bxd5 exd5 14. Nc3 Re8
15. Qd3 Bc5 16. Bf2 Nxd4 17. Bxd4 Bf5 18. Qxf5 Bxd4+ 19. Kh1 Rc8 20. Rad1 Bxc3
21. bxc3 Rxc3 22. Rxd5 Qc8 23. Rd7 Qc4 24. Rfd1 g6 25. Qf6 Rxc2 26. Rd8 Rce2
27. h3 Qxa4 28. R1d7 Qb3 29. Rc7 Rxd8 30. Qxd8+ Kg7 31. Rc8 Qe3 32. Qf8+ Kf6
33. Qd8+ Kg7 34. Qf8+ 1/2-1/2

[Event "Marshall Chess Club - IM Norm RR"]
[Site "ChessKast.com"]
[Date "2019.11.18"]
[Round "8"]
[White "FM VINCENT TSAY"]
[Black "CM LIRAN ZHOU"]
[Result "1-0"]
[WhiteElo "2289"]
[BlackElo "2317"]
[PlyCount "101"]
[EventDate "2019.??.??"]

1. d4 Nf6 2. Nf3 e6 3. g3 b6 4. Bg2 Bb7 5. c4 Be7 6. O-O O-O 7. Re1 d5 8. cxd5
exd5 9. Nc3 Nbd7 10. Bf4 c6 11. Qc2 Re8 12. Rad1 b5 13. Bg5 a5 14. Nh4 h6 15.
Bc1 Nb6 16. Nb1 Ne4 17. Nf5 Bb4 18. Rf1 Rc8 19. Qd3 Bf8 20. Nd2 g6 21. Nh4 Nxd2
22. Bxd2 Nc4 23. Bc1 Bg7 24. b3 Nd6 25. Bf4 b4 26. Bxd6 Qxd6 27. e3 Re7 28. Rc1
c5 29. dxc5 Rxc5 30. Rxc5 Qxc5 31. Rd1 Qc3 32. Bxd5 Qxd3 33. Rxd3 Ba6 34. Nxg6
Rc7 35. Rd1 Be2 36. Re1 Rc2 37. Nf4 Bb5 38. Be4 Rxa2 39. Rd1 a4 40. bxa4 Bxa4
41. Rd8+ Bf8 42. Nd5 Kg7 43. Nf4 b3 44. Nh5+ Kg8 45. Rb8 Rd2 46. Kg2 b2 47. g4
Bc2 48. Nf6+ Kg7 49. Nh5+ Kg8 50. Nf6+ Kg7 51. Nh5+ 1-0

[Event "Marshall Chess Club - IM Norm RR"]
[Site "ChessKast.com"]
[Date "2019.11.17"]
[Round "8"]
[White "FM RAWLE ALLICOCK"]
[Black "ROBERT M PEREZ"]
[Result "1-0"]
[WhiteElo "2245"]
[BlackElo "2390"]
[PlyCount "87"]
[EventDate "2019.??.??"]

1. c4 c5 2. Nf3 Nc6 3. Nc3 g6 4. e3 Nf6 5. d4 cxd4 6. exd4 d5 7. cxd5 Nxd5 8.
Qb3 e6 9. Bg5 Be7 10. Bh6 Bf8 11. Bg5 Qd6 12. Bc4 Nxc3 13. Bf6 Rg8 14. bxc3 Be7
15. Bxe7 Kxe7 16. Qb5 Kf8 17. O-O Kg7 18. Rfe1 Rd8 19. Rad1 a6 20. Qb2 Na5 21.
Bf1 b5 22. Ne5 f6 23. Ng4 Bd7 24. g3 Rac8 25. h4 Bc6 26. Bh3 Bf3 27. Rd3 Nc4
28. Qc1 Bxg4 29. Bxg4 f5 30. Bd1 e5 31. Bb3 e4 32. Rdd1 Nb6 33. h5 Qf6 34. h6+
Kh8 35. f3 b4 36. c4 Nxc4 37. fxe4 Rxd4 38. exf5 Qd6 39. Kg2 Qd5+ 40. Kh2 Qxf5
41. Rxd4 Qf2+ 42. Kh3 Qxd4 43. Qxc4 Qd7+ 44. Qe6 1-0

[Event "Marshall Chess Club - IM Norm RR"]
[Site "ChessKast.com"]
[Date "2019.11.17"]
[Round "8"]
[White "FM JASON LIANG"]
[Black "FM GUS HUSTON"]
[Result "1/2-1/2"]
[WhiteElo "2345"]
[BlackElo "2185"]
[PlyCount "56"]
[EventDate "2019.??.??"]

1. d4 Nf6 2. Nf3 e6 3. c4 Bb4+ 4. Nbd2 O-O 5. a3 Bxd2+ 6. Qxd2 d6 7. e3 Qe7 8.
Be2 e5 9. O-O Bg4 10. h3 Bh5 11. b3 e4 12. Nh2 Bxe2 13. Qxe2 d5 14. Bd2 Qe6 15.
Rfc1 c6 16. Ba5 Rc8 17. Nf1 Nbd7 18. Rc2 Ne8 19. Ng3 f5 20. Rac1 Nef6 21. Bd2
g6 22. Qf1 Kg7 23. Ne2 g5 24. a4 Kg6 25. Ra1 Rc7 26. Ba5 Rcc8 27. Bd2 Rc7 28.
Ba5 Rcc8 1/2-1/2

[Event "Marshall Chess Club - IM Norm RR"]
[Site "ChessKast.com"]
[Date "2019.11.17"]
[Round "8"]
[White "GM MICHAEL ROHDE"]
[Black "IM SILAS ESBEN LUND"]
[Result "1/2-1/2"]
[WhiteElo "2351"]
[BlackElo "2348"]
[PlyCount "36"]
[EventDate "2019.??.??"]

1. Nf3 d5 2. g3 c6 3. Bg2 Bg4 4. h3 Bh5 5. d3 Nd7 6. O-O Ngf6 7. Nbd2 e5 8. e4
Bd6 9. Qe1 O-O 10. Nh4 Re8 11. Nf5 Bc7 12. Nf3 Nc5 13. N3h4 Ne6 14. Bd2 Qd7 15.
Qc1 Bg6 16. Re1 Rad8 17. Bc3 dxe4 18. dxe4 Nd4 1/2-1/2

[Event "Marshall Chess Club - IM Norm RR"]
[Site "ChessKast.com"]
[Date "2019.11.18"]
[Round "8"]
[White "GM NIKOLA NESTOROVIC"]
[Black "GM SANDRO POZO VERA"]
[Result "1-0"]
[WhiteElo "2458"]
[BlackElo "2433"]
[PlyCount "69"]
[EventDate "2019.??.??"]

1. e4 e6 2. d4 d5 3. Nc3 Bb4 4. e5 Ne7 5. a3 Bxc3+ 6. bxc3 c5 7. h4 Qc7 8. h5
h6 9. Bd2 Nbc6 10. Qg4 Nf5 11. Nf3 O-O 12. Qf4 cxd4 13. g4 Nfe7 14. g5 hxg5 15.
Qxg5 Nf5 16. h6 Nxe5 17. Nxd4 Ng6 18. hxg7 Qe5+ 19. Be2 Qxg7 20. Nxf5 exf5 21.
O-O-O d4 22. Bc4 Re8 23. cxd4 Be6 24. Bxe6 Rxe6 25. Bc3 Rd6 26. Rd3 Rd5 27. Rf3
Rc8 28. Bb2 Nf8 29. Qh5 Ng6 30. Qg5 Nf8 31. Qe7 Rd7 32. Qb4 Rdc7 33. d5 Qg5+
34. Kb1 Ng6 35. Rg3 1-0

[Event "Marshall Chess Club - IM Norm RR"]
[Site "ChessKast.com"]
[Date "2019.11.18"]
[Round "9"]
[White "ROBERT M PEREZ"]
[Black "FM VINCENT TSAY"]
[Result "1-0"]
[WhiteElo "2390"]
[BlackElo "2289"]
[PlyCount "46"]
[EventDate "2019.??.??"]

1. d4 d5 2. c4 e6 3. Nf3 Nf6 4. Nc3 c6 5. Bg5 Nbd7 6. e3 Qa5 7. cxd5 exd5 8.
Nd2 Bd6 9. Bd3 O-O 10. O-O Qc7 11. f4 Re8 12. Re1 b5 13. Rb1 Qb6 14. Nf3 h6 15.
Bh4 Bb7 16. Ne5 Be7 17. Bxf6 Nxf6 18. g4 Bd6 19. h4 Bc8 20. g5 Bxe5 21. fxe5
Ng4 22. Qf3 Qd8 23. Qf4 Be6 {-error} 1-0

[Event "Marshall Chess Club - IM Norm RR"]
[Site "ChessKast.com"]
[Date "2019.11.18"]
[Round "9"]
[White "IM SILAS ESBEN LUND"]
[Black "GM NIKOLA NESTOROVIC"]
[Result "0-1"]
[WhiteElo "2348"]
[BlackElo "2458"]
[PlyCount "56"]
[EventDate "2019.??.??"]

1. d4 Nf6 2. c4 e6 3. Nc3 Bb4 4. e3 O-O 5. Bd3 d5 6. cxd5 exd5 7. Nge2 Re8 8.
a3 Bd6 9. b4 c6 10. Qc2 Nbd7 11. f3 a5 12. b5 c5 13. O-O Qc7 14. h3 g6 15. b6
Qxb6 16. Rb1 Qd8 17. Nb5 Bf8 18. dxc5 Nxc5 19. Ned4 a4 20. Re1 Nh5 21. Bf1 Ng3
22. Qc3 Bd7 23. Bb2 f6 24. e4 Nxf1 25. Rxf1 Qb6 26. exd5 Bxb5 27. Nxb5 Ne4+ 28.
Qd4 Bc5 0-1

[Event "Marshall Chess Club - IM Norm RR"]
[Site "ChessKast.com"]
[Date "2019.11.18"]
[Round "9"]
[White "FM GUS HUSTON"]
[Black "GM MICHAEL ROHDE"]
[Result "1/2-1/2"]
[WhiteElo "2185"]
[BlackElo "2351"]
[PlyCount "123"]
[EventDate "2019.??.??"]

1. e4 c5 2. Nf3 e6 3. b3 b6 4. Bb2 Bb7 5. Nc3 Nf6 6. e5 Nd5 7. Nxd5 Bxd5 8. Be2
Be7 9. O-O O-O 10. c4 Bb7 11. d4 cxd4 12. Nxd4 a6 13. Bf3 Qc7 14. Bxb7 Qxb7 15.
Qf3 Qxf3 16. Nxf3 Rc8 17. Rac1 f6 18. Bd4 Bc5 19. exf6 Bxd4 20. f7+ Kxf7 21.
Nxd4 Nc6 22. Rfd1 Ke7 23. Kf1 Ra7 24. Ke2 b5 25. Nxc6+ Rxc6 26. Rd4 Rac7 27.
Kd3 Rc8 28. Re1 bxc4+ 29. Rxc4 Rxc4 30. bxc4 Rc5 31. Re2 Rh5 32. h3 Kd6 33. Rb2
Ra5 34. Kd4 Ra4 35. Rb6+ Kc7 36. Rb2 Kc6 37. Re2 Ra3 38. Rb2 Ra5 39. Rc2 Rf5
40. Rd2 Rf4+ 41. Kc3 Re4 42. c5 Ra4 43. Kb3 Ra5 44. Rd6+ Kc7 45. h4 Rb5+ 46.
Kc4 Rb2 47. Rxa6 Rxf2 48. g3 Rg2 49. Ra3 h5 50. Kd4 Rd2+ 51. Kc4 g6 52. Kc3 Rd1
53. Kc4 Rd2 54. Kc3 Re2 55. Kd4 Rf2 56. Kc4 Kc6 57. Ra6+ Kb7 58. Ra3 Rc2+ 59.
Kd4 Rd2+ 60. Kc4 Kc7 61. Kc3 Rd1 62. Kc4 1/2-1/2

[Event "Marshall Chess Club - IM Norm RR"]
[Site "ChessKast.com"]
[Date "2019.11.18"]
[Round "9"]
[White "CM LIRAN ZHOU"]
[Black "FM JASON LIANG"]
[Result "0-1"]
[WhiteElo "2317"]
[BlackElo "2345"]
[PlyCount "120"]
[EventDate "2019.??.??"]

1. e4 e5 2. Nf3 Nf6 3. Nxe5 d6 4. Nf3 Nxe4 5. Nc3 Nf6 6. d4 Be7 7. Bd3 O-O 8.
O-O d5 9. Ne2 Re8 10. Ng3 Nbd7 11. c3 g6 12. Bf4 Nf8 13. Ne5 Bd6 14. Re1 Ne6
15. Bh6 Bf8 16. Qd2 Qd6 17. Bxf8 Nxf8 18. Re2 Bd7 19. Rae1 Ne6 20. Qh6 Qf8 21.
Nf5 Qxh6 22. Nxh6+ Kg7 23. Nhxf7 Nf4 24. Re3 Nxd3 25. Rxd3 h6 26. Rg3 Bf5 27.
Ree3 Ne4 28. Rgf3 Be6 29. g4 Rf8 30. g5 h5 31. Nh6 Nxg5 32. Rg3 Kxh6 33. Nxg6
Rf6 34. Ne5 Raf8 35. h4 Nh3+ 36. Rxh3 Bxh3 37. Rxh3 Rxf2 38. Nd3 R2f3 39. Rxf3
Rxf3 40. Nc5 b6 41. Ne6 Rf7 42. Kg2 Kg6 43. Kg3 Kf5 44. Nf4 Ke4 45. Nxh5 c5 46.
Kg4 cxd4 47. Ng3+ Ke5 48. cxd4+ Kxd4 49. h5 Ke5 50. h6 d4 51. Ne2 d3 52. Nc3
Rf1 53. h7 Rh1 54. Kf3 Rh3+ 55. Kf2 Rxh7 56. Ke3 Rh3+ 57. Kd2 a6 58. Na4 Kd4
59. Nxb6 Rh2+ 60. Kd1 Rxb2 0-1

[Event "Marshall Chess Club - IM Norm RR"]
[Site "ChessKast.com"]
[Date "2019.11.18"]
[Round "9"]
[White "GM SANDRO POZO VERA"]
[Black "FM RAWLE ALLICOCK"]
[Result "1/2-1/2"]
[WhiteElo "2433"]
[BlackElo "2245"]
[PlyCount "23"]
[EventDate "2019.??.??"]

1. d4 d5 2. c4 c6 3. cxd5 cxd5 4. Bf4 Nc6 5. Nc3 Nf6 6. e3 Bf5 7. Bd3 Bxd3 8.
Qxd3 e6 9. Nf3 Bd6 10. Bxd6 Qxd6 11. O-O O-O 12. Rac1 1/2-1/2